Vegetables By Picture - Statistics

General Stats
  • This quiz has been taken 61 times
  • The average score is 9 of 12
Answer Stats
Picture Answer % Correct
Avocado
98%
Carrot
98%
Broccoli
96%
Tomato
96%
Cauliflower
94%
Beet
80%
Celery
76%
Green bean
64%
Rhubarb
62%
Parsnip
58%
Turnip
56%
Rutabaga
8%
No matching quizzes found
Score Distribution
Percent of People with Each Score
Percentile by Number Answered
Your Score History
You have not taken this quiz